LEADER 03470nam 22007095 450 001 9910785025303321 005 20221208200932.0 010 $a1-282-66500-6 010 $a9786612665004 010 $a0-230-10316-2 024 7 $a10.1057/9780230103160 035 $a(CKB)2670000000033083 035 $a(EBL)555549 035 $a(OCoLC)650310355 035 $a(SSID)ssj0001618530 035 $a(PQKBManifestationID)16347951 035 $a(PQKBTitleCode)TC0001618530 035 $a(PQKBWorkID)14919849 035 $a(PQKB)10561518 035 $a(SSID)ssj0000417635 035 $a(PQKBManifestationID)12152534 035 $a(PQKBTitleCode)TC0000417635 035 $a(PQKBWorkID)10363136 035 $a(PQKB)10815491 035 $a(DE-He213)978-0-230-10316-0 035 $a(MiAaPQ)EBC555549 035 $a(EXLCZ)992670000000033083 100 $a20151230d2009 u| 0 101 0 $aeng 135 $aur|n||||||||| 181 $ctxt 182 $cc 183 $acr 200 10$aFemale Subjectivity in African American Women's Narratives of Enslavement$b[electronic resource] $eBeyond Borders /$fby L. Myles 205 $a1st ed. 2009. 210 1$aNew York :$cPalgrave Macmillan US :$cImprint: Palgrave Macmillan,$d2009. 215 $a1 online resource (206 p.) 300 $aDescription based upon print version of record. 311 $a1-349-37953-0 311 $a0-230-61593-7 320 $aIncludes bibliographical references (p. [183]-190). 327 $aIntroduction : places, borders, and margins : locating a Black feminist model of interpretation -- Black female movement : conceptualizing places of consciousness for Black female subjectivity -- Location, female autonomy, and identity in Pauline Hopkins's Contending forces -- At the crossroads of Black female autonomy, or digression as resistance in Quicksand and The street -- Praisesong for the widow : crossing location and space toward female consciousness and wholeness -- Space and time : the interdependency of history, identity, and survival in Octavia Butler's Kindred -- Conclusion. 330 $aFemale Subjectivity in African American Women s Narratives of Enslavement is a new and innovative study of black women s transformation, which focuses on black women writers who support the notion of separate location for a changed female consciousness. This book offers the concept of the "Transient Woman" as a new paradigm and feminist vision for analyzing female subjectivity and consciousness. 606 $aSociology 606 $aAmerica?History 606 $aAmerica?Literatures 606 $aGender Studies$3https://scigraph.springernature.com/ontologies/product-market-codes/X35000 606 $aHistory of the Americas$3https://scigraph.springernature.com/ontologies/product-market-codes/718000 606 $aNorth American Literature$3https://scigraph.springernature.com/ontologies/product-market-codes/834000 615 0$aSociology. 615 0$aAmerica?History. 615 0$aAmerica?Literatures. 615 14$aGender Studies. 615 24$aHistory of the Americas. 615 24$aNorth American Literature. 676 $a813.0099827 700 $aMyles$b L$4aut$4http://id.loc.gov/vocabulary/relators/aut$01580937 801 2$bCaOLU 906 $aBOOK 912 $a9910785025303321 996 $aFemale Subjectivity in African American Women's Narratives of Enslavement$93862171 997 $aUNINA